Manual of clinical laboratory immunology / (Record no. 99684)
[ view plain ]
| 000 -LEADER | |
|---|---|
| fixed length control field | 00790cam5a220020500 4500 |
| 005 - DATE AND TIME OF LATEST TRANSACTION | |
| control field | 20190819095712.0 |
| 008 - FIXED-LENGTH DATA ELEMENTS--GENERAL INFORMATION | |
| fixed length control field | 000512 |
| 020 ## - INTERNATIONAL STANDARD BOOK NUMBER | |
| International Standard Book Number | 1555811183 |
| 035 ## - SYSTEM CONTROL NUMBER | |
| System control number | (Sirsi) a142586 |
| 050 #0 - LIBRARY OF CONGRESS CALL NUMBER | |
| Classification number | RB46.5 Man 1997 |
| 245 10 - TITLE STATEMENT | |
| Title | Manual of clinical laboratory immunology / |
| Statement of responsibility, etc. | Rose Noel R. ...[et al] |
| 250 ## - EDITION STATEMENT | |
| Edition statement | 5th ed. |
| 260 ## - PUBLICATION, DISTRIBUTION, ETC. | |
| Place of publication, distribution, etc. | Washington D.C. : |
| Name of publisher, distributor, etc. | American Society for Microbiology, |
| Date of publication, distribution, etc. | 1997. |
| 350 ## - PRICE (NR) (BK AM CF MU VM SE) [OBSOLETE] | |
| Price | 25 |
| 504 ## - BIBLIOGRAPHY, ETC. NOTE | |
| Bibliography, etc. note | Includes bibliography and index |
| 650 #0 - SUBJECT ADDED ENTRY--TOPICAL TERM | |
| Topical term or geographic name entry element | Clinical immunology |
| Linkage | S85300.1 |
| 650 #0 - SUBJECT ADDED ENTRY--TOPICAL TERM | |
| Topical term or geographic name entry element | Immunodiagnosis -- Handbooks, mannuals, etc. |
| General subdivision | Immunodiagnosis -- Handbooks, mannuals, etc. |
| Linkage | S85907.1 |
| 650 #0 - SUBJECT ADDED ENTRY--TOPICAL TERM | |
| Topical term or geographic name entry element | Immunology -- Handbooks, mannuals, etc. |
| General subdivision | Immunology -- Handbooks, mannuals, etc. |
| Linkage | S85908.1 |
| 700 10 - ADDED ENTRY--PERSONAL NAME | |
| Personal name | Rose, Noel R. |
| Linkage | A26407.1 |
No items available.